Efektivita podnikateľských modelov

Teoretické predpoklady H. Chesbrougha a jeho spolupracovníkov o efektívnejšom fungovaní otvorených podnikateľských modelov. Výskum prebiehal v období 2009 - 2011 na vzorke technologicky náročných podnikov v prostredí slovenského trhu. Pre riešenie problému boli využité štatistické metódy radiálnych...

Ausführliche Beschreibung

Gespeichert in:
Bibliographische Detailangaben
1. Verfasser: Pelegrinová, Lenka, 1983-
Weitere Verfasser: Szaryszová, Petra, 1984-
Format: Buchkapitel
Sprache:Slowakisch
Schlagworte:
Tags: Tag hinzufügen
Keine Tags, Fügen Sie das erste Tag hinzu!

MARC

LEADER 00000naa a2200000 4500
001 0167191
005 20240502072920.6
041 0 |a slo 
044 |a SK 
245 1 0 |a Efektivita podnikateľských modelov  |c Lenka Pelegrinová, Petra Szaryszová 
520 |a Teoretické predpoklady H. Chesbrougha a jeho spolupracovníkov o efektívnejšom fungovaní otvorených podnikateľských modelov. Výskum prebiehal v období 2009 - 2011 na vzorke technologicky náročných podnikov v prostredí slovenského trhu. Pre riešenie problému boli využité štatistické metódy radiálnych DEA modelov a panelovej regresie. 
610 2 0 |a podnikanie 
610 2 0 |a prostredie podnikateľské 
610 2 0 |a modely 
610 2 0 |a stratégia inovačná 
100 1 |a Pelegrinová, Lenka, 1983- 
700 1 |a Szaryszová, Petra, 1984-